[Event "GER-chT U12"]
[Site "Magdeburg"]
[Date "2023.12.28"]
[Round "4.3"]
[White "Tu, Audrey"]
[Black "Li, Xiao Teng"]
[Result "0-1"]
[WhiteElo "1369"]
[BlackElo "1220"]
[PlyCount "25"]
[EventDate "2023.12.26"]
[EventType "team-swiss"]
[EventRounds "7"]
[EventCountry "GER"]
[SourceTitle "CB03_2024"]
[SourceDate "2024.01.17"]
[SourceVersion "1"]
[SourceVersionDate "2024.01.17"]
[SourceQuality "1"]
[WhiteTeam "Kornwestheim"]
[BlackTeam "Bad Homburg"]
[WhiteTeamCountry "GER"]
[BlackTeamCountry "GER"]

1. e4 e5 2. Nf3 Nc6 3. Bb5 a6 4. Ba4 Nge7 5. c3 g6 6. d4 exd4 7. cxd4 b5 8. Bc2 d5 9. e5 Bg4 10. Be3 Bg7 11. h3 Be6 12. Nc3 0-0 13. g4 0-1

[Event "GER-ch U10 Girls"]
[Site "Willingen"]
[Date "2022.06.08"]
[Round "7"]
[White "Tu, Audrey"]
[Black "Krannich, Eva"]
[Result "1-0"]
[WhiteElo "1108"]
[BlackElo "845"]
[PlyCount "39"]
[EventDate "2022.06.04"]
[EventType "swiss"]
[EventRounds "11"]
[EventCountry "GER"]
[SourceTitle "CBM 208 Extra"]
[Source "ChessBase"]
[SourceDate "2022.07.31"]
[SourceVersion "1"]
[SourceVersionDate "2022.07.31"]
[SourceQuality "1"]

1. e4 e6 2. d4 d5 3. exd5 exd5 4. Nf3 Bd6 5. Nc3 Ne7 6. Bd3 Bg4 7. Be3 Nbc6 8. Qe2 Qd7 9. a3 0-0-0 10. b4 Rde8 11. 0-0 h5 12. b5 Nd8 13. a4 h4 14. a5 h3 15. g3 Ref8 16. b6 a6 17. Bxa6 Nec6 18. Bb5 cxb6 19. Nxd5 Bb8 20. Nxb6+ 1-0

[Event "GER-ch U10 Girls"]
[Site "Willingen"]
[Date "2021.08.23"]
[Round "2"]
[White "Tu, Audrey"]
[Black "Ruddat, Maila"]
[Result "1-0"]
[WhiteElo "913"]
[BlackElo "729"]
[PlyCount "91"]
[EventDate "2021.08.22"]
[EventType "swiss"]
[EventRounds "11"]
[EventCountry "GER"]
[SourceTitle "EXT 2022"]
[Source "ChessBase"]
[SourceDate "2021.10.06"]
[SourceVersion "1"]
[SourceVersionDate "2021.10.06"]
[SourceQuality "1"]

1. e4 e5 2. Nf3 Nc6 3. Bc4 Bc5 4. 0-0 Nf6 5. d3 d6 6. c3 0-0 7. Nbd2 Be6 8. Re1 Bxc4 9. dxc4 Ne7 10. Nf1 c6 11. Ng3 d5 12. cxd5 cxd5 13. exd5 Qxd5 14. Qxd5 Nexd5 15. Nxe5 Rfe8 16. Nf3 Rxe1+ 17. Nxe1 Re8 18. Bg5 h6 19. Bxf6 Nxf6 20. b4 Bd6 21. Nf3 Bxg3 22. fxg3 Ng4 23. Re1 Rxe1+ 24. Nxe1 g5 25. h3 Nf6 26. Nd3 Ne4 27. c4 Nxg3 28. c5 Ne2+ 29. Kf2 Nc3 30. a3 Ne4+ 31. Kg1 h5 32. a4 g4 33. hxg4 hxg4 34. a5 b6 35. cxb6 axb6 36. a6 Kg7 37. a7 b5 38. a8Q Nd6 39. Qd5 Ne8 40. Qxb5 Nf6 41. Qg5+ Kf8 42. Qxf6 g3 43. b5 Ke8 44. b6 Kd7 45. Qxf7+ Kc6 46. b7 1-0